| 000 | 00529nam a2200157 4500 | ||
|---|---|---|---|
| 001 | 432 | ||
| 005 | 20181127161513.0 | ||
| 020 | 0 | 0 | _a0028629051 |
| 090 | 0 | 0 | _a822.33 F R8931 1999 |
| 100 | 0 | 0 | _aRozakis, Laurie. |
| 245 | 0 | 0 |
_aThe complete idiot's guide to Shakespeare / _b _cLaurie Rozakis. _h |
| 260 | 0 | 0 |
_aNew York : _bAlpha books, _c1999. |
| 300 | 0 | 0 | _axx, 380 p. : ill. |
| 650 | 0 | 0 |
_aShakespeare, William, 1564-1616 --Handbooks, manuals, etc. _x |
| 650 | 0 | 0 |
_aShakespeare, William, 1564-1616 --Stage history --Handbooks, manuals, etc. _x |
| 999 |
_c356 _d356 |
||